Special relativity for the enthusiast / (Record no. 171663)
[ view plain ]
| 000 -LEADER | |
|---|---|
| fixed length control field | 00813cam a2200241 i 4500 |
| 001 - CONTROL NUMBER | |
| control field | 1377562164 |
| 003 - CONTROL NUMBER IDENTIFIER | |
| control field | OSt |
| 005 - DATE AND TIME OF LATEST TRANSACTION | |
| control field | 20250423124442.0 |
| 008 - FIXED-LENGTH DATA ELEMENTS--GENERAL INFORMATION | |
| fixed length control field | 230427s2023 sz a ob 001 0 eng d |
| 020 ## - INTERNATIONAL STANDARD BOOK NUMBER | |
| Canceled/invalid ISBN | 9783031219238 (hardcover) |
| 040 ## - CATALOGING SOURCE | |
| Original cataloging agency | GW5XE |
| Language of cataloging | eng |
| Description conventions | rda |
| Transcribing agency | GW5XE |
| Modifying agency | NUST |
| 050 #4 - LIBRARY OF CONGRESS CALL NUMBER | |
| Classification number | QC173.65 STR |
| 100 1# - MAIN ENTRY--PERSONAL NAME | |
| Personal name | Strohm, Thomas |
| Relator term | Author |
| 245 10 - TITLE STATEMENT | |
| Title | Special relativity for the enthusiast / |
| Statement of responsibility, etc. | Thomas Strohm. |
| 260 ## - PUBLICATION, DISTRIBUTION, ETC. | |
| Place of publication, distribution, etc. | Cham : |
| Name of publisher, distributor, etc. | Springer, |
| Date of publication, distribution, etc. | 2023. |
| 300 ## - PHYSICAL DESCRIPTION | |
| Extent | xvi, 344 pages : |
| Other physical details | Illustrations ; |
| Dimensions | 24 cm. |
| 336 ## - CONTENT TYPE | |
| Content type term | text |
| Content type code | txt |
| Source | rdacontent |
| 337 ## - MEDIA TYPE | |
| Media type term | unmediated |
| Media type code | n |
| Source | rdamedia |
| 338 ## - CARRIER TYPE | |
| Carrier type term | volume |
| Carrier type code | nc |
| Source | rdacarrier |
| 504 ## - BIBLIOGRAPHY, ETC. NOTE | |
| Bibliography, etc. note | Includes bibliographical references and index. |
| 650 #0 - SUBJECT ADDED ENTRY--TOPICAL TERM | |
| Form subdivision | Special relativity (Physics) -- Textbooks. |
| 942 ## - ADDED ENTRY ELEMENTS (KOHA) | |
| Source of classification or shelving scheme | Library of Congress Classification |
| Koha item type | Ordinary Loan Books |
| Classification part | QC173.65 STR |
| Call number prefix | QC |
| Call number suffix | STR |
| Suppress in OPAC | No |
| Withdrawn status | Lost status | Source of classification or shelving scheme | Damaged status | Not for loan | Collection | Home library | Current library | Shelving location | Date acquired | Source of acquisition | Cost, normal purchase price | Total Checkouts | Full call number | Barcode | Date last seen | Accession number | Cost, replacement price | Price effective from | Koha item type | Public note |
|---|---|---|---|---|---|---|---|---|---|---|---|---|---|---|---|---|---|---|---|---|
| LCC | NFIC | MAIN | MAIN | GEN | 04/23/2025 | Book Aid International | 74.00 | QC173.65 STR | 92004054631 | 04/23/2025 | 61520 | 74.00 | 04/23/2025 | BOOKS | Donation |